Mathematics and Physics Constants - Statistics

General Stats
  • This quiz has been taken 92 times
  • The average score is 15 of 83
Answer Stats
Answer % Correct
-31
99%
4
86%
1
78%
-1
78%
2
77%
2
77%
-6
68%
6
68%
8
57%
9
54%
7
51%
-27
50%
-27
50%
5
49%
3.14159
45%
30
35%
-34
35%
-11
34%
-11
34%
23
32%
-23
32%
m
32%
-12
31%
-19
31%
22
26%
-15
24%
24
23%
K
20%
32
19%
A*s
16%
2.71828
15%
-35
15%
kg
14%
6.28318
8%
m*s-1
8%
m*s-2
8%
1.41421
7%
2.99792
5%
m2*kg*s-1
4%
s-1
4%
kg*m*A-2*s-2
3%
m2*kg*K-1*s-2
3%
s4*A2*kg-1*m-3
3%
4.00302
1%
5.77216
1%
6.371
1%
6.83
1%
6.93147
1%
8.31446
1%
9.80665
1%
cd*sr*W-1
1%
m2*kg*A-2*s-3
1%
m2*kg*K-1*mol-1*s-2
1%
m3*kg-1*s-2
1%
m3*kg*A-2*s-4
1%
m3*mol-1
1%
mol-1
1%
1.05457
0%
1.25664
0%
1.41681
0%
1.60218
0%
1.61626
0%
1.67262
0%
1.67493
0%
1.77245
0%
1.9885
0%
2.2414
0%
2.81794
0%
3.7673
0%
3.84400
0%
5.29178
0%
5.97237
0%
6.02214
0%
6.62607
0%
6.6743
0%
7.342
0%
8.85419
0%
8.98755
0%
9.10938
0%
9.19263
0%
9.64853
0%
A*s*mol-1
0%
1.38065
0%
No matching quizzes found
Score Distribution
Percent of People with Each Score
Percentile by Number Answered
Your Score History
You have not taken this quiz